The world guide: an alternative reference to the countries of our planet 2001 - 2002 (Record no. 83245)

MARC details
000 -LEADER
fixed length control field 00916nam a2200169 a 4500
008 - FIXED-LENGTH DATA ELEMENTS--GENERAL INFORMATION
fixed length control field 120416s2001 ||||||||||||||||| || u
020 ## - INTERNATIONAL STANDARD BOOK NUMBER
International Standard Book Number 1869847725
050 ## - LIBRARY OF CONGRESS CALL NUMBER
Classification number G 153 New
245 04 - TITLE STATEMENT
Title The world guide: an alternative reference to the countries of our planet 2001 - 2002
260 ## - PUBLICATION, DISTRIBUTION, ETC.
Place of publication, distribution, etc. Oxford
Name of publisher, distributor, etc. New International Publications
Date of publication, distribution, etc. 2001
300 ## - PHYSICAL DESCRIPTION
Extent 609p. : ill
350 ## -
-- 0.00
995 ## -
-- REFERENCE BOOKS
-- 0.00
-- 735817
-- CBU-MAIN LIBRARY (Kitwe)
-- 3
-- 40.00
-- G 153 New
-- 3
-- REFERENCE
-- 48545
-- Reference Collection
995 ## -
-- REFERENCE BOOKS
-- 0.00
-- 735818
-- CBU-MAIN LIBRARY (Kitwe)
-- 4
-- 40.00
-- G 153 New
-- 4
-- REFERENCE
-- 38582
-- Reference Collection
995 ## -
-- REFERENCE BOOKS
-- 0.00
-- 735815
-- CBU-MAIN LIBRARY (Kitwe)
-- 1
-- 40.00
-- G 153 New
-- 1
-- REFERENCE
-- 48667
-- Reference Collection
995 ## -
-- REFERENCE BOOKS
-- 0.00
-- 735816
-- CBU-MAIN LIBRARY (Kitwe)
-- 2
-- 40.00
-- G 153 New
-- 2
-- REFERENCE
-- 48553
-- Reference Collection
999 ## -
-- 83245
-- 83245
Holdings
Withdrawn status Lost status Source of classification or shelving scheme Damaged status Not for loan Permanent Location Current Location Shelving location Date acquired Total Checkouts Full call number Barcode Date last seen Copy number Price effective from Koha item type
          CBU-MAIN LIBRARY, KITWE. CBU-MAIN LIBRARY, KITWE.   10/25/2023   G 153 New 48545 10/25/2023 1 10/25/2023 REFERENCE COLLECTION
          CBU-MAIN LIBRARY, KITWE. CBU-MAIN LIBRARY, KITWE.   10/25/2023   G 153 New 38582 10/25/2023 2 10/25/2023 REFERENCE COLLECTION
          CBU-MAIN LIBRARY, KITWE. CBU-MAIN LIBRARY, KITWE.   10/25/2023   G 153 New 48667 10/25/2023 3 10/25/2023 REFERENCE COLLECTION
          CBU-MAIN LIBRARY, KITWE. CBU-MAIN LIBRARY, KITWE.   10/25/2023   G 153 New 48553 10/25/2023 4 10/25/2023 REFERENCE COLLECTION